International activity and the forthcoming Conferences in the field of thermal nondestructive testing; Defektoskopiya; № 7

Detalles Bibliográficos
Parent link:Defektoskopiya
№ 7.— 2001.— P. 97-99
Autor principal: Vavilov V. P. Vladimir Platonovich
Sumario:The aim of the paper is to describe the international activity in the field of thermal nondestructive control. It is noted that the interest in the active thermal testing (ATT), requiring the additional thermal stimulation of the tested objects, increased essentially during last 30 years. The activity of the International Conferences on ATT during last 10 years is described briefly. A list of the forthcoming International Conferences on ATT is given.
В фонде НТБ ТПУ отсутствует
Lenguaje:inglés
Publicado: 2001
Materias:
Formato: Capítulo de libro
KOHA link:https://koha.lib.tpu.ru/cgi-bin/koha/opac-detail.pl?biblionumber=600603

MARC

LEADER 00000naa0a2200000 4500
001 600603
005 20250205124431.0
035 |a (RuTPU)RU\TPU\tpu\25115 
035 |a RU\TPU\tpu\22542 
090 |a 600603 
100 |a 20140515d2001 k||y0rusy50 ba 
101 0 |a eng 
102 |a RU 
200 1 |a International activity and the forthcoming Conferences in the field of thermal nondestructive testing  |f V. P. Vavilov 
330 |a The aim of the paper is to describe the international activity in the field of thermal nondestructive control. It is noted that the interest in the active thermal testing (ATT), requiring the additional thermal stimulation of the tested objects, increased essentially during last 30 years. The activity of the International Conferences on ATT during last 10 years is described briefly. A list of the forthcoming International Conferences on ATT is given. 
333 |a В фонде НТБ ТПУ отсутствует 
461 |t Defektoskopiya 
463 |t № 7  |v P. 97-99  |d 2001 
610 1 |a труды учёных ТПУ 
700 1 |a Vavilov  |b V. P.  |c Specialist in the field of dosimetry and methodology of nondestructive testing (NDT)  |c Doctor of technical sciences (DSc), Professor of Tomsk Polytechnic University (TPU)  |f 1949-  |g Vladimir Platonovich  |3 (RuTPU)RU\TPU\pers\32161  |9 16163 
801 1 |a RU  |b 63413507  |c 20120725 
801 2 |a RU  |b 63413507  |c 20140515  |g RCR 
942 |c CR